000
00304nam a22001337a 4500
008
181016b xxu||||| |||| 00| 0 eng d
020
_a
9780130336293
041
_a
eng
080
_2
11 ED
_a
339.138
100
_a
60
101
_a
MAR
245
_a
Marketing Managerment
_c
Kotler .P
942
_2
udc
_c
BK
999
_c
49818
_d
49818